| 000 -CABECERA |
| Longitud fija campo de control |
01077nas a22002897a 4500 |
| 003 - IDENTIFICADOR DEL NÚMERO DE CONTROL |
| Identificador del número de control |
OSt |
| 005 - FECHA Y HORA DE LA ÚLTIMA TRANSACCIÓN |
| Fecha y hora de la última transacción |
20181022114251.0 |
| 008 - CÓDIGOS DE INFORMACIÓN DE LONGITUD FIJA |
| Códigos de información de longitud fija |
130703c1988 sp fr||| |||| 00| 0 spa d |
| 022 ## - NÚMERO INTERNACIONAL NORMALIZADO PARA PUBLICACIONES SERIADAS |
| Número Internacional Normalizado para Publicaciones Seriadas |
0214-0039 |
| 040 ## - FUENTE DE LA CATALOGACIÓN |
| Centro transcriptor |
CDMR |
| Lengua de catalogación |
cat |
| 245 00 - MENCIÓN DE TÍTULO |
| Título |
Comunicación y Sociedad |
| Resto del título |
: Revista de la Facultad de Comunicación |
| 246 #0 - VARIANTES DE TÍTULO |
| Título propio / Título en breve |
Communication&Society |
| Resto de título |
= Comunicación y sociedad |
| 260 ## - PUBLICACIÓN, DISTRIBUCIÓN, ETC. (PIE DE IMPRENTA) |
| Lugar de publicación, distribución, etc. |
Pamplona |
| Nombre del editor, distribuidor, etc. |
Universidad de Navarra |
| Fecha de publicación, distribución, etc. |
1988- |
| 300 ## - DESCRIPCIÓN FÍSICA |
| Extensión |
v. |
| 310 ## - PERIODICIDAD ACTUAL |
| Periodicidad actual |
Semestral |
| 362 ## - FECHAS DE PUBLICACIÓN Y/O DESIGNACIÓN SECUENCIAL |
| Fecha de publicación y/o designación secuencial |
Vol. 1, núm. 1 (1988) - |
| 500 ## - NOTA GENERAL |
| Nota general |
Des de 2013 en format digital i canvi de freqüència de publicació (trimestral) |
| 650 04 - PUNTO DE ACCESO ADICIONAL DE MATERIA - TÉRMINO DE MATERIA |
| 9 (RLIN) |
3919 |
| Término de materia o nombre geográfico como elemento inicial |
Periodisme |
| Subdivisión de forma |
Revistes |
| 650 04 - PUNTO DE ACCESO ADICIONAL DE MATERIA - TÉRMINO DE MATERIA |
| 9 (RLIN) |
1722 |
| Término de materia o nombre geográfico como elemento inicial |
Ràdio |
| Subdivisión de forma |
Revistes |
| 650 04 - PUNTO DE ACCESO ADICIONAL DE MATERIA - TÉRMINO DE MATERIA |
| 9 (RLIN) |
875 |
| Término de materia o nombre geográfico como elemento inicial |
Publicitat |
| Subdivisión de forma |
Revistes |
| 650 04 - PUNTO DE ACCESO ADICIONAL DE MATERIA - TÉRMINO DE MATERIA |
| 9 (RLIN) |
2775 |
| Término de materia o nombre geográfico como elemento inicial |
Relacions públiques |
| Subdivisión de forma |
Revistes |
| 650 04 - PUNTO DE ACCESO ADICIONAL DE MATERIA - TÉRMINO DE MATERIA |
| 9 (RLIN) |
597 |
| Término de materia o nombre geográfico como elemento inicial |
Televisió |
| Subdivisión de forma |
Revistes |
| 710 2# - PUNTO DE ACCESO ADICIONAL - NOMBRE DE ENTIDAD |
| 9 (RLIN) |
3914 |
| Nombre de entidad o nombre de jurisdicción como elemento inicial |
Universidad de Navarra |
| 856 40 - LOCALIZACIÓN Y ACCESO ELECTRÓNICO |
| Identificador Uniforme del Recurso (URI) |
<a href="http://dialnet.unirioja.es/servlet/revista?codigo=2010">http://dialnet.unirioja.es/servlet/revista?codigo=2010</a> |
| Texto del enlace |
Disponible en línia (Dialnet) (2005- ) |
| 856 40 - LOCALIZACIÓN Y ACCESO ELECTRÓNICO |
| Identificador Uniforme del Recurso (URI) |
<a href="http://www.comunicacionysociedad.cucsh.udg.mx/index.php/comsoc/issue/archive">http://www.comunicacionysociedad.cucsh.udg.mx/index.php/comsoc/issue/archive</a> |
| Texto del enlace |
Portal Web |
| 942 ## - ENTRADA DE ELEMENTOS AGREGADOS (KOHA) |
| Fuente de clasificaión o esquema |
|
| Koha [por defecto] tipo de item |
Publicacions periòdiques |